ਗੁਰੁ ਗੋਵਿੰਦ ਦਰਸ਼ਨ / (Record no. 110801)

MARC details
000 -LEADER
fixed length control field 01083nam a22002537a 4500
005 - DATE AND TIME OF LATEST TRANSACTION
control field 20170123164157.0
010 ## - LIBRARY OF CONGRESS CONTROL NUMBER
LC control number A-844192
020 ## - INTERNATIONAL STANDARD BOOK NUMBER
Terms of availability 80.00
035 ## - SYSTEM CONTROL NUMBER
System control number A-844192
037 ## - SOURCE OF ACQUISITION
Source of stock number/acquisition Cen Lib / Ret
040 ## - CATALOGING SOURCE
Original cataloging agency DPL
Language of cataloging PN
082 ## - DEWEY DECIMAL CLASSIFICATION NUMBER
Classification number 260.35
Item number ਪਾਂਧੀਨ
100 ## - MAIN ENTRY--PERSONAL NAME
Personal name ਪਾਂਧੀ ਨਨਕਾਣਵੀ
9 (RLIN) 141033
245 ## - TITLE STATEMENT
Title ਗੁਰੁ ਗੋਵਿੰਦ ਦਰਸ਼ਨ /
Remainder of title ਪਾਂਧੀ ਨਨਕਾਣਵੀ
246 ## - VARYING FORM OF TITLE
Title proper/short title Gur govind darshan : a collection of religious / historical stories /
Remainder of title by Pandhi Nankanvi
260 ## - PUBLICATION, DISTRIBUTION, ETC. (IMPRINT)
Place of publication, distribution, etc ਨਵੀਂ ਦਿੱਲੀ
Name of publisher, distributor, etc ਨਾਤ ਕਲਾ ਪ੍ਰਕਾਸ਼ਨ
Date of publication, distribution, etc 1998
270 ## - ADDRESS
Address ਜੇ -8/122, ਰਜੋਰੀ ਗਾਰਡਨ
City ਨਵੀਂ ਦਿੱਲੀ
Postal code 110027
300 ## - PHYSICAL DESCRIPTION
Extent 111p.
Other physical details 23cm(Hb)
650 ## - SUBJECT ADDED ENTRY--TOPICAL TERM
Topical term or geographic name as entry element Punjabi Religious
9 (RLIN) 141034
650 ## - SUBJECT ADDED ENTRY--TOPICAL TERM
Topical term or geographic name as entry element ਪੰਜਾਬੀ ਧਾਰਮਿਕ
9 (RLIN) 141035
650 ## - SUBJECT ADDED ENTRY--TOPICAL TERM
Topical term or geographic name as entry element ਪੰਜਾਬੀ -- ਇਤਿਹਾਸਕ ਕਹਾਣੀਆ
9 (RLIN) 7272
650 ## - SUBJECT ADDED ENTRY--TOPICAL TERM
Topical term or geographic name as entry element Punjabi -- historical stories
9 (RLIN) 131683
942 ## - ADDED ENTRY ELEMENTS (KOHA)
Source of classification or shelving scheme Dewey Decimal Classification
Koha item type Punjabi Bks
Classification part 260.35
Call number suffix ਪਾਂਧੀਨ
Holdings
Withdrawn status Lost status Damaged status Not for loan Home library Current library Date acquired Source of acquisition Cost, normal purchase price Total Checkouts Full call number Barcode Date last seen Copy number Cost, replacement price Price effective from Koha item type
        Central Library Central Library 08/02/2016 Cen Lib/Ret 80.00   260.35 ਪਾਂਧੀਨ A-844192 08/02/2016 1 80.00 08/02/2016 Punjabi Bks

© Delhi Public Library
Hit Counter
free hit counter